01400nam a22003257a 4500003000400000005001700004008004100021040002200062082001800084100003000102245003000132260006000162300002100222366000800243490002800251505001200279505008300291505016600374505001200540650006000552650005200612650005300664650004300717650004500760650005600805700003600861942002900897999001500926952013300941OSt20230608134801.0221006b |||||||| |||| 00| 0 eng d cBiblioteca Lado V a709.05bG851a 9855aGriffin, Timeeditor aArtforum/bInternacional/ aNew Yorkc2003bNew York editorial and business offices c26.5x27cma220p. espa aSUMMERv2003x0864-1315 tLetters tCOLUMNSaPassages: Colin de land Books Entries News Hotlist Film Top Ten tFeaturesaLocus Focus: "Hyperrealisms" A Thousand Words: Jennifer Pastor Purple Majesty The Fox: One year Under the mast Portfolio Camera Libido Openings  tReviews 2Tesauro de Arte & ArquitecturaaARTE COMTEMPORANEO9703 2Tesauro de Arte & ArquitecturaaFOTOGRAFIA9702 2Tesauro de Arte & ArquitecturaaARTE VISUAL9702 2Tesauro de Arte & ArquitecturaaLIBROS 2Tesauro de Arte & ArquitecturaaNOTICIAS 2 Tesauro de Arte & ArquitecturaaARTE INTERNACIONAL aNavarreta, Jose Antonioeeditor 2ddcc1h709.05iG851an0 c3833d3833 00102ddc3200340708RevistasaLVbLVd2023-06-08hSUMMERi002530l0o709.05 G851ap002530r2023-06-08 00:00:00w2023-06-08y1